| Tag |
First Indicator |
Second Indicator |
Subfields |
| LEADER |
00000cam a2200000 a 4500 |
| 001 |
in00001406749 |
| 005 |
20151020072913.0 |
| 008 |
980605e197307 nhua bt s000 0 eng d |
| 035 |
|
|
|a (OCoLC)39230726
|
| 035 |
|
|
|9 AHQ3704AM
|
| 040 |
|
|
|a TXA
|c TXA
|d UtOrBLW
|
| 049 |
|
|
|a TXAM
|
| 090 |
|
|
|a QC242.2
|b .S74 1973
|
| 100 |
1 |
|
|a Stewart, Gary K.
|
| 245 |
1 |
0 |
|a Sound transmission in liquid-viscoelastic multilayer media /
|c by Gary K. Stewart.
|
| 264 |
|
1 |
|a Durham, N.H. :
|b University of New Hampshire ;
|a Portsmouth, R.I. :
|b Submarine Signal Division, Raytheon Company,
|c [1973]
|
| 300 |
|
|
|a vii, 61 leaves :
|b illustrations ;
|c 28 cm.
|
| 336 |
|
|
|a text
|b txt
|2 rdacontent
|
| 337 |
|
|
|a unmediated
|b n
|2 rdamedia
|
| 338 |
|
|
|a volume
|b nc
|2 rdacarrier
|
| 490 |
1 |
|
|a Technical report ;
|v UNH-SG-116
|
| 500 |
|
|
|a "COM 74-10315"--Written on page [1] of cover.
|
| 513 |
|
|
|a Technical report.
|b July 1973.
|
| 536 |
|
|
|a Research sponsored by NOAA Office of Sea Grant.
|b NG-30-72.
|
| 504 |
|
|
|a Includes bibliographical references (pages 41-42).
|
| 650 |
|
0 |
|a Underwater acoustics.
|
| 710 |
2 |
|
|a University of New Hampshire.
|
| 710 |
2 |
|
|a Raytheon Company.
|b Submarine Signal Division.
|
| 710 |
1 |
|
|a United States.
|b National Oceanic and Atmospheric Administration.
|b Office of Sea Grant.
|
| 830 |
|
0 |
|a Report (University of New Hampshire. Sea Grant Program) ;
|v UNH-SG-116.
|
| 948 |
|
|
|a o:ktn
|
| 999 |
|
|
|a MARS
|
| 999 |
f |
f |
|s 6744a0ec-edfc-3872-ac82-0c9047b3b6e0
|i c00e4ee1-4f1c-3637-8bbb-89918c71fc18
|t 0
|
| 952 |
f |
f |
|p ric
|a Texas A&M University
|b Rellis Campus
|c Joint Library Facility
|d Remote Storage
|t 0
|e QC242.2 .S74 1973
|h Library of Congress classification
|i unmediated -- volume
|m A14822438747
|
| 998 |
f |
f |
|a QC242.2 .S74 1973
|t 0
|l Remote Storage
|